00324 a2200133 450000100060000002000150000604000240002110000260004524000390007124500340011030000060014436200090015065000310015944228 a851600337X cAnchieta - Aquarius aBranco, Samuel Murgel10aAventuras de uma gota d´agualpor10aAventuras de uma gota d´agua a 0 a1990 4aLiteratura infanto-juvenil